|
|
|
|
| LEADER |
01492nam a22003494a 4500 |
| 001 |
7068 |
| 003 |
BD-DhAAL |
| 005 |
20150627103702.0 |
| 008 |
150627s2006 maua 001 0 eng |
| 010 |
|
|
|a 2004059733
|
| 020 |
|
|
|a 0072991593 (standard ed. : alk. paper)
|
| 020 |
|
|
|a 0072991216 (alternate ed. : alk. paper)
|
| 020 |
|
|
|a 0072991585 (annotated instructor's ed.)
|
| 040 |
|
|
|a DLC
|c DLC
|d DLC
|d BD-DhAAL
|
| 050 |
0 |
0 |
|a HG4026
|b .R677 2006
|
| 082 |
0 |
0 |
|a 658.15
|2 22
|
| 100 |
1 |
|
|a Ross, Stephen A.
|9 12492
|
| 245 |
1 |
0 |
|a Fundamentals of corporate finance /
|c Stephen A. Ross, Randolph W. Westerfield, Bradford D. Jordan.
|
| 250 |
|
|
|a 7th ed.
|
| 260 |
|
|
|a Boston, Mass. :
|b McGraw-Hill/Irwin,
|c c2006.
|
| 300 |
|
|
|a xliv, 844 , [62] p. :
|b col. ill. ;
|c 26 cm. +
|
| 490 |
|
|
|a The McGraw-Hill/Irwin series in finance, insurance, and real estate
|
| 500 |
|
|
|a Includes indexes.
|
| 500 |
|
|
|a Annotated Instructor's ed.
|
| 538 |
|
|
|a System requirements for accompanying CD-ROMS: PC Pentium Based Processor ; Microsoft Windows 2000/x, Microsaft Internet Explorer 5.5 as default browser. Microsoft office or equivalent.
|
| 541 |
|
|
|e 7068
|
| 650 |
|
0 |
|a Corporations
|x Finance.
|9 12493
|
| 700 |
1 |
|
|a Westerfield, Randolph.
|9 12494
|
| 700 |
1 |
|
|a Jordan, Bradford D.
|9 12495
|
| 942 |
|
|
|2 ddc
|c BK
|
| 999 |
|
|
|c 34850
|d 34850
|
| 952 |
|
|
|0 0
|1 0
|2 ddc
|4 0
|6 658_150000000000000_ROS
|7 0
|9 54534
|a SCL
|b SCL
|c GEN
|d 2015-06-27
|e Gift: The Asia Foundation
|l 0
|o 658.15 ROS
|p 3020007068
|r 2015-06-27
|t 1
|w 2015-06-27
|y BK
|